| 000 | 00535nam a2200193 4500 | ||
|---|---|---|---|
| 001 | 111036 | ||
| 003 | ES-MaACL | ||
| 005 | 20230906185228.0 | ||
| 007 | t| | ||
| 008 | 061121s1981 sp r ||||1| spa d | ||
| 100 | 1 |
_aNavascués, César de. _985213 |
|
| 245 | 1 | 3 |
_aEl aceite maldito / _cCésar de Navascués. |
| 260 |
_a[Madrid] : _bRioduero, _c1981. |
||
| 300 |
_a121 p. : _bil. ; _c17 cm + _e1 map. |
||
| 490 | 1 | _aLibros Ya | |
| 830 | 0 |
_aLibros Ya _9233045 |
|
| 852 |
_aES-MaACL _jA-11014 _bR.102384 |
||
| 999 |
_c111036 _d111036 |
||